[Event "11th LCC FIDE Open 2019"]
[Site "London"]
[Date "2019.12.01"]
[Round "4.8"]
[White "Berry, Neil"]
[Black "Fodor, Tamas Jr."]
[Result "1/2-1/2"]
[WhiteElo "2250"]
[BlackElo "2533"]
[Annotator "TA"]
[PlyCount "100"]
[EventDate "2019.11.29"]
[EventType "swiss"]
[EventCountry "ENG"]
[SourceTitle "playchess.com"]
[Source "ChessBase"]
[SourceQuality "1"]

{[%evp 15,100,32,35,24,31,38,31,36,46,30,37,26,42,29,35,28,19,25,41,46,37,31,44,39,39,44,36,0,0,-5,0,-16,12,15,8,8,35,34,38,0,0,-10,0,0,23,8,3,0,0,0,6,7,5,5,5,5,5,0,61,103,210,-24,42,0,0,0,0,0,334,0,0,0,0,0,0,0,0,0,0,0,0,0,0,0,0,0,0]} 1. d4 d5 2. c4 e6 3. Nf3 c6 4. e3 f5 5. Bd3 Nf6 6. O-O Bd6 7. b3 Qe7 8. Bb2 O-O 9. Nc3 {[%cal Bb1c3,Bc3e2,Be2f4][%mdl 32] A84: Dutch Defence: 2 c4 Miscellaneous} (9. Qc1 Na6 10. Ne5 Bd7 11. a3 c5 12. Nxd7 Nxd7 13. Nc3 Nc7 14. Qc2 dxc4 15. Bxc4 cxd4 16. exd4 Nb6 17. Qe2 {½-½ (41) Leitao,R (2620)-Jobava,B (2634) Batumi 2018}) 9... Ne4 10. Rc1 Nd7 11. Ne2 {White is slightly better.} Qf6 12. Rc2 a5 13. Nf4 $146 ({Predecessor:} 13. a4 g5 14. Qa1 Qe7 15. Ne5 Nxe5 16. dxe5 {1-0 (32) Socko,M (2476)-Mkrtchian,L (2390) Wroclaw 2017}) 13... a4 14. Be2 axb3 15. axb3 Qh6 16. Ne5 Nxe5 17. dxe5 Be7 18. Nd3 b6 19. cxd5 exd5 20. Qc1 Bb7 21. f3 Bg5 22. f4 Be7 23. b4 c5 24. bxc5 bxc5 25. Nf2 Qb6 26. Nxe4 fxe4 27. Rd1 Rfd8 28. Rcd2 Bc6 29. Bc3 Ba4 30. Rb2 Qc6 31. Re1 Kh8 32. Bd2 c4 33. Bc3 Ba3 {[%mdl 64] Skewer} 34. f5 Qh6 {...Bb3 is the strong threat.} ({Don't play} 34... Bxb2 35. Bxb2 Rf8 36. Rf1 $17) 35. Qd2 Bb3 ({But not} 35... Bxb2 36. Bxb2 Rdb8 37. Bc3 $17) 36. f6 Bxb2 ({Black should try} 36... gxf6 $11 37. exf6 Bxb2 38. Bxb2 Ra2 39. f7+ Rxb2 $1 {[%mdl 576] Remove Defender} 40. Qxb2+ Qg7) 37. Bxb2 $14 Ra2 {[#]} (37... gxf6 $16 {keeps fighting.} 38. exf6 Ra2) 38. fxg7+ $2 (38. f7 $1 $18) 38... Kg8 (38... Qxg7 $11 39. Ra1 Rda8) 39. Qd4 {[#]} (39. Rf1 $5 {[%cal Re5e6]} Rxb2 40. Qxb2 $16) 39... Rxb2 $1 {[%mdl 576] Deflection} 40. Qxb2 Qxe3+ 41. Kh1 Kxg7 $2 {[%mdl 8192]} (41... Qa7 $11) 42. Qa3 $2 (42. e6+ $18 d4 43. Qa3) 42... Qg5 {The position is equal.} 43. Qa7+ Kg8 44. Qd4 Bc2 {[#] White must now prevent ...Bd3.} 45. Bxc4 $1 {[%mdl 512]} dxc4 46. Qxc4+ {[%mdl 64] Double Attack} Kh8 {And now ...Bd3 would win.} 47. Qxc2 Qxe5 48. h3 e3 49. Qe2 Re8 50. Kg1 Qc3 {Accuracy: White = 62%, Black = 52%.} 1/2-1/2

[Event "11th LCC FIDE Open 2019"]
[Site "London"]
[Date "2019.12.01"]
[Round "4.9"]
[White "Papadiamandis, Elliot"]
[Black "Flear, Glenn C"]
[Result "1/2-1/2"]
[WhiteElo "2220"]
[BlackElo "2463"]
[Annotator "ChessBase"]
[PlyCount "72"]
[EventDate "2019.11.29"]
[EventType "swiss"]
[EventCountry "ENG"]
[SourceTitle "playchess.com"]
[Source "ChessBase"]
[SourceQuality "1"]
[TimeControl "40/5400+30:1800+30"]

1. e4 {[%emt 0:00:00]} e5 {[%emt 0:00:00]} 2. Nf3 {[%emt 0:00:00]} Nc6 {[%emt 0:00:00]} 3. Bc4 {[%emt 0:00:10]} Nf6 {[%emt 0:00:18]} 4. d3 {[%emt 0:00:16]} Be7 {[%emt 0:00:16]} 5. c3 {[%emt 0:00:17]} O-O {[%emt 0:00:20]} 6. Nbd2 {[%emt 0:00:11]} d5 {[%emt 0:07:31]} 7. Bb3 {[%emt 0:00:25]} Be6 {[%emt 0:06:07]} 8. O-O {[%emt 0:01:49]} dxe4 {[%emt 0:05:53]} 9. dxe4 {[%emt 0:00:48]} Bxb3 {[%emt 0:04:43]} 10. Qxb3 {[%emt 0:01:37]} Qc8 {[%emt 0:00:32]} 11. Re1 {[%emt 0:05:59]} Nd7 {[%emt 0:01:21]} 12. Nc4 {[%emt 0:01:39]} Nc5 {[%emt 0:02:44]} 13. Qc2 {[%emt 0:00:58]} Qe6 {[%emt 0:05:08]} 14. Ne3 {[%emt 0:01:31]} Bd6 {[%emt 0:07:30]} 15. Nf5 {[%emt 0:12:02]} a5 {[%emt 0:07:01]} 16. b3 {[%emt 0:05:52]} Rfd8 {[%emt 0:02:38]} 17. Be3 {[%emt 0:05:30]} Bf8 {[%emt 0:01:37]} 18. Rad1 {[%emt 0:00:51]} f6 {[%emt 0:00:37]} 19. Bc1 {[%emt 0:01:45]} Ne7 {[%emt 0:05:05]} 20. Nxe7+ {[%emt 0:06:27]} Bxe7 {[%emt 0:00:50]} 21. Ba3 {[%emt 0:03:49]} Kf7 {[%emt 0:06:42]} 22. Qe2 {[%emt 0:03:23]} c6 {[%emt 0:00:29]} 23. Nh4 {[%emt 0:06:25]} g6 {[%emt 0:02:52]} 24. Qe3 {[%emt 0:03:55]} Nd7 {[%emt 0:01:44]} 25. Bxe7 {[%emt 0:04:34]} Qxe7 {[%emt 0:00:50]} 26. Rd2 {[%emt 0:06:43]} Nc5 {[%emt 0:01:35]} 27. Red1 {[%emt 0:05:03]} Rxd2 {[%emt 0:00:30]} 28. Rxd2 {[%emt 0:00:27]} Rd8 {[%emt 0:00:32]} 29. Nf3 {[%emt 0:02:51]} b5 {[%emt 0:06:05]} 30. g3 {[%emt 0:03:10]} Rxd2 {[%emt 0:00:21]} 31. Nxd2 {[%emt 0:00:43]} Qd6 {[%emt 0:00:54]} 32. Kg2 {[%emt 0:01:59]} Kg7 {[%emt 0:01:49]} 33. a4 {[%emt 0:02:26]} Kf7 {[%emt 0:10:49]} 34. h4 {[%emt 0:02:34]} Kg7 {[%emt 0:02:13]} 35. Kh2 {[%emt 0:01:05]} Kg8 {[%emt 0:03:05]} 36. Kg2 {[%emt 0:02:04]} Kg7 {[%emt 0:00:54]} 1/2-1/2

[Event "11th LCC FIDE Open 2019"]
[Site "London"]
[Date "2019.12.01"]
[Round "4.10"]
[White "Hebden, Mark L"]
[Black "Ratnesan, Ranesh"]
[Result "1-0"]
[WhiteElo "2436"]
[BlackElo "2180"]
[Annotator "TA"]
[PlyCount "55"]
[EventDate "2019.11.29"]
[EventType "swiss"]
[EventCountry "ENG"]
[SourceTitle "playchess.com"]
[Source "ChessBase"]
[SourceQuality "1"]

{[%evp 9,55,0,7,0,0,-25,17,16,9,4,11,4,60,45,50,45,45,45,49,20,31,33,69,61,106,98,208,187,488,452,492,519,484,506,518,468,507,492,500,501,706,782,789,780,873,870,792,784]} 1. d4 d5 2. Nc3 Nf6 3. Bf4 c5 4. e3 cxd4 5. exd4 a6 6. Bd3 {B13: Caro-Kann: Exchange Variation and Panov-Botvinnik Attack} (6. h3 Nc6 7. Nf3 Bf5 8. Bd3 Bxd3 9. Qxd3 e6 10. O-O Be7 11. Rfe1 O-O 12. Ne2 Rc8 13. c3 {1-0 (60) Abasov,N (2641)-Demchenko,A (2665) Konya 2019}) 6... Nc6 7. Nge2 g6 8. Qd2 {The position is equal.} Bg7 9. Bh6 $146 ({Predecessor:} 9. f3 Nh5 10. Bh6 Nb4 11. g4 Nxd3+ 12. cxd3 Bxh6 13. Qxh6 {1-0 (28) Lugovskoy,M (2453)-Musaev,R (2287) Sochi 2017}) 9... O-O 10. h4 e5 (10... Bxh6 $1 $11 11. Qxh6 Ng4) 11. Bxg7 $14 Kxg7 12. dxe5 Nxe5 13. O-O-O b5 {[%cal Bb7b5,Bb5b4][%mdl 32]} 14. Nd4 b4 15. Nce2 a5 16. f3 Nc4 17. Qf4 {Bxc4 is the strong threat.} Qb6 (17... Qd6 $16) 18. h5 Ra7 $2 (18... Qd6 {is a better chance.} 19. Qh4 (19. hxg6 Qxf4+ 20. Nxf4 hxg6 $16) 19... Ne5) 19. h6+ {White is clearly winning.} Kg8 {[#]} 20. Bxc4 $1 dxc4 {[#]} 21. Nc6 $1 {[%mdl 576] Discovered Attack} Qxc6 {[#]} 22. Rd6 $1 {[%mdl 512]} Qxd6 23. Qxd6 Ra6 24. Qd4 Re8 25. Nf4 {Hoping for Nd5.} Bb7 26. Qxc4 Rd6 27. Rd1 Rxd1+ 28. Kxd1 {Accuracy: White = 79%, Black = 25%.} 1-0

[Event "11th LCC FIDE Open 2019"]
[Site "London"]
[Date "2019.12.01"]
[Round "4.11"]
[White "Bukojemski, Adam"]
[Black "Kirk, Ezra"]
[Result "0-1"]
[WhiteElo "2211"]
[BlackElo "2433"]
[Annotator "ChessBase"]
[PlyCount "90"]
[EventDate "2019.11.29"]
[EventType "swiss"]
[EventCountry "ENG"]
[SourceTitle "playchess.com"]
[Source "ChessBase"]
[SourceQuality "1"]
[TimeControl "40/5400+30:1800+30"]

1. Nf3 {[%emt 0:01:09]} Nf6 {[%emt 0:00:00]} 2. c4 {[%emt 0:00:22]} g6 {[%emt 0:01:53]} 3. d4 {[%emt 0:00:30]} Bg7 {[%emt 0:00:06]} 4. g3 {[%emt 0:00:19]} O-O {[%emt 0:00:07]} 5. Bg2 {[%emt 0:00:04]} d6 {[%emt 0:00:05]} 6. Nc3 {[%emt 0:00:36]} Nc6 {[%emt 0:00:33]} 7. O-O {[%emt 0:00:31]} a6 {[%emt 0:01:07]} 8. b3 {[%emt 0:00:20]} Rb8 {[%emt 0:01:48]} 9. d5 {[%emt 0:00:19]} Na5 {[%emt 0:02:05]} 10. Bg5 {[%emt 0:00:18]} c5 {[%emt 0:05:05]} 11. dxc6 {[%emt 0:00:38]} Nxc6 {[%emt 0:02:35]} 12. Rc1 {[%emt 0:00:21]} h6 {[%emt 0:06:46]} 13. Bf4 {[%emt 0:02:15]} Qa5 {[%emt 0:03:57]} 14. Ne1 {[%emt 0:02:20]} Qh5 {[%emt 0:03:14]} 15. Nd3 {[%emt 0:09:55]} g5 {[%emt 0:06:10]} 16. Bd2 {[%emt 0:01:02]} Ng4 {[%emt 0:09:17]} 17. h3 {[%emt 0:00:09]} Nge5 {[%emt 0:00:26]} 18. Nxe5 {[%emt 0:06:00]} Nxe5 {[%emt 0:07:12]} 19. f4 {[%emt 0:00:46]} gxf4 {[%emt 0:02:16]} 20. Nd5 {[%emt 0:07:54]} fxg3 {[%emt 0:03:15]} 21. Nxe7+ {[%emt 0:05:13]} Kh8 {[%emt 0:00:23]} 22. Nxc8 {[%emt 0:00:16]} Rbxc8 {[%emt 0:01:40]} 23. Rc3 {[%emt 0:02:29]} Ng6 {[%emt 0:03:27]} 24. Rxg3 {[%emt 0:00:32]} Be5 {[%emt 0:11:46]} 25. Bc3 {[%emt 0:07:34]} Bxc3 {[%emt 0:01:07]} 26. Rxc3 {[%emt 0:01:37]} Qe5 {[%emt 0:00:05]} 27. Qd2 {[%emt 0:02:33]} Kh7 {[%emt 0:04:47]} 28. Bxb7 {[%emt 0:03:53]} Rce8 {[%emt 0:01:50]} 29. Rcf3 {[%emt 0:04:18]} f5 {[%emt 0:02:46]} 30. e3 {[%emt 0:12:13]} Qg7 {[%emt 0:03:19]} 31. Bd5 {[%emt 0:04:16]} Nh4+ {[%emt 0:00:43]} 32. Kh2 {[%emt 0:01:43]} Nxf3+ {[%emt 0:00:19]} 33. Rxf3 {[%emt 0:00:11]} Qe5+ {[%emt 0:01:40]} 34. Kh1 {[%emt 0:00:35]} Re7 {[%emt 0:01:27]} 35. b4 {[%emt 0:04:55]} Qa1+ {[%emt 0:01:08]} 36. Kg2 {[%emt 0:03:39]} Rg7+ {[%emt 0:00:46]} 37. Rg3 {[%emt 0:00:18]} Rxg3+ {[%emt 0:00:28]} 38. Kxg3 {[%emt 0:00:02]} Qg1+ {[%emt 0:00:49]} 39. Kf3 {[%emt 0:00:19]} Qf1+ {[%emt 0:01:00]} 40. Kg3 {[%emt 0:01:25]} Rf6 {[%emt 0:02:10]} 41. Qf2 {[%emt 0:35:53]} Rg6+ {[%emt 0:32:06]} 42. Kf3 {[%emt 0:00:05]} Qd1+ {[%emt 0:01:09]} 43. Kf4 {[%emt 0:00:11]} Qh5 {[%emt 0:00:24]} 44. e4 {[%emt 0:02:13]} Qxh3 {[%emt 0:00:45]} 45. exf5 {[%emt 0:00:23]} Rg4# {[%emt 0:00:06]} 0-1

[Event "11th LCC FIDE Open 2019"]
[Site "London"]
[Date "2019.12.01"]
[Round "4.12"]
[White "Ethelontis, Alexandros N"]
[Black "McDonald, Neil"]
[Result "1/2-1/2"]
[WhiteElo "2139"]
[BlackElo "2412"]
[Annotator "TA"]
[PlyCount "93"]
[EventDate "2019.11.29"]
[EventType "swiss"]
[EventCountry "ENG"]
[SourceTitle "playchess.com"]
[Source "ChessBase"]
[SourceQuality "1"]

{[%evp 16,93,7,0,3,-1,27,12,27,4,0,-21,-25,-4,-6,-10,0,0,0,0,-1,-15,10,-10,48,20,33,28,124,37,41,33,88,89,148,149,149,150,158,129,158,158,156,148,195,179,195,198,193,120,172,35,36,18,151,138,131,131,134,112,131,104,69,69,65,66,148,0,0,0,0,0,0,0,0,0,0,0,0,0]} 1. c4 f5 2. g3 Nf6 3. Bg2 g6 4. Nc3 Bg7 5. e3 O-O 6. Nge2 d6 7. O-O e5 8. d3 c6 9. b3 Be6 {A21: English Opening: 1...e5 2 Nc3} 10. Ba3 Bf7 (10... Re8 11. d4 Bf7 12. d5 c5 13. e4 Nbd7 14. Bc1 a6 15. a4 fxe4 16. h3 h6 17. h4 {0-1 (49) Indjic,A (2575)-Cheparinov,I (2703) Warsaw 2017}) 11. Qd2 a5 $146 ({Predecessor:} 11... Re8 12. Rac1 Na6 13. h3 Nc7 14. Bb2 Ne6 15. f4 Qe7 16. Rce1 Rad8 17. e4 fxe4 18. dxe4 {½-½ (18) Fiorito,F (2392)-Lopez Ortiz,J (2097) Buenos Aires 2017}) 12. Rae1 Na6 13. d4 e4 14. f3 exf3 15. Bxf3 Re8 16. Nf4 Nc7 17. d5 b5 18. Bb2 b4 19. Na4 c5 (19... cxd5 $11 20. Bxf6 (20. cxd5 Ne4 $11) 20... Bxf6) 20. Ne6 Bxe6 21. dxe6 Ra7 (21... Rxe6 $11 {keeps the balance.} 22. Bxa8 Qxa8) 22. Rd1 (22. Bc6 $16) 22... Nxe6 23. Qxd6 Qxd6 (23... Qe7 $1 $14) 24. Rxd6 $16 Ne4 (24... Ng4 $142) 25. Bxe4 $1 fxe4 {[#]} 26. Bxg7 $1 Kxg7 27. h4 Rc7 28. g4 Nf8 29. Kg2 Nd7 30. Rf4 Re5 31. g5 Re7 32. Rd5 ({White should play} 32. Kg3 $18) 32... h6 (32... Rc8 $16 {keeps fighting.} 33. Rd6 Ra8) 33. Rd6 (33. gxh6+ $18 Kxh6 34. Rd6) 33... hxg5 $14 34. hxg5 Ne5 (34... Re5 $11) 35. Rxe4 {Rd5 is the strong threat.} Nf7 36. Rxe7 Rxe7 $16 {[%mdl 4096] Endgame KRN-KRN} 37. Rd5 {Hoping for Kf3.} Rxe3 38. Nxc5 Re2+ 39. Kf3 Rxa2 40. Ne6+ Kg8 {[#]} ({Better is} 40... Kh8 $14) 41. Nd4 (41. c5 $1 $16 {[%cal Rc5c6] Black must now prevent c6.} a4 42. c6 axb3 43. c7) 41... a4 $11 {Threatens to win with ...axb3.The position is equal.} 42. bxa4 Rxa4 43. Rb5 b3 44. Rb8+ Kh7 45. Rb7 Kg8 46. Rb8+ Kh7 47. Rb7 {Accuracy: White = 38%, Black = 40%.} 1/2-1/2

[Event "11th LCC FIDE Open 2019"]
[Site "London"]
[Date "2019.12.01"]
[Round "4.13"]
[White "Makkar, Rajat"]
[Black "Sowray, Peter J"]
[Result "1-0"]
[WhiteElo "2125"]
[BlackElo "2316"]
[Annotator "NA"]
[PlyCount "59"]
[EventDate "2019.11.29"]
[EventType "swiss"]
[EventCountry "ENG"]
[SourceTitle "playchess.com"]
[Source "ChessBase"]
[SourceQuality "1"]
[TimeControl "40/5400+30:1800+30"]

1. d4 {[%emt 0:00:00]} d5 {[%emt 0:00:00]} 2. c4 {[%emt 0:00:19]} e6 {[%emt 0:00:04]} 3. Nf3 {[%emt 0:00:15]} Nf6 {[%emt 0:00:08]} 4. g3 {[%emt 0:00:05]} dxc4 {[%emt 0:00:08]} 5. Bg2 {[%emt 0:00:08]} a6 {[%emt 0:00:07]} 6. O-O {[%emt 0:00:14]} Nc6 {[%emt 0:00:08]} 7. e3 {[%emt 0:00:19]} Rb8 {[%emt 0:00:09]} 8. Nfd2 {[%emt 0:00:25]} e5 {[%emt 0:02:09]} 9. Bxc6+ {[%emt 0:00:26]} bxc6 {[%emt 0:00:09]} 10. dxe5 {[%emt 0:00:08]} Ng4 {[%emt 0:01:09]} 11. Nxc4 {[%emt 0:00:30]} Be6 {[%emt 0:01:37]} 12. Nbd2 {[%emt 0:00:33]} Bb4 {[%emt 0:03:22]} 13. b3 {[%emt 0:00:11]} h5 {[%emt 0:02:13]} 14. f3 {[%emt 0:11:05]} Bc3 {[%emt 0:11:42]} 15. Rb1 {[%emt 0:00:59]} Nxe5 {[%emt 0:02:04]} 16. Nxe5 {[%emt 0:00:23]} Bxe5 {[%emt 0:00:11]} 17. f4 {[%emt 0:00:17]} Bf6 {[%emt 0:18:51]} 18. f5 {[%emt 0:01:47]} Bc8 {[%emt 0:05:02]} 19. Ba3 {[%emt 0:06:59]} h4 {[%emt 0:07:50]} 20. Qf3 {[%emt 0:11:15]} Qd5 {[%emt 0:02:24]} 21. Ne4 {[%emt 0:01:13]} Bd7 {[%emt 0:08:24]} 22. Rbd1 {[%emt 0:03:06]} Qa5 {[%emt 0:04:04]} 23. Nc5 {[%emt 0:07:56]} O-O {[%emt 0:06:18]} 24. Nxd7 {[%emt 0:01:14]} Qxa3 {[%emt 0:00:07]} 25. Nxf6+ {[%emt 0:00:55]} gxf6 {[%emt 0:00:01]} 26. Qg4+ {[%emt 0:00:25]} Kh7 {[%emt 0:00:08]} 27. Qxh4+ {[%emt 0:00:23]} Kg7 {[%emt 0:00:11]} 28. Rf4 {[%emt 0:00:56]} Rfd8 {[%emt 0:02:00]} 29. Rg4+ {[%emt 0:00:13]} Kf8 {[%emt 0:00:02]} 30. Qh8+ {[%emt 0:00:08]} 1-0

[Event "11th LCC FIDE Open 2019"]
[Site "London"]
[Date "2019.12.01"]
[Round "4.14"]
[White "Dong, Bao Nghia"]
[Black "Merry, Alan B"]
[Result "0-1"]
[WhiteElo "2217"]
[BlackElo "2426"]
[Annotator "ChessBase"]
[PlyCount "108"]
[EventDate "2019.11.29"]
[EventType "swiss"]
[EventCountry "ENG"]
[SourceTitle "playchess.com"]
[Source "ChessBase"]
[SourceQuality "1"]
[TimeControl "40/5400+30:1800+30"]

1. d4 {[%emt 0:00:04]} Nf6 {[%emt 0:00:00]} 2. Nf3 {[%emt 0:00:08]} b6 {[%emt 0:00:00]} 3. Bf4 {[%emt 0:00:07]} Bb7 {[%emt 0:00:00]} 4. h3 {[%emt 0:00:07]} g6 {[%emt 0:00:00]} 5. e3 {[%emt 0:00:05]} Bg7 {[%emt 0:00:00]} 6. a4 {[%emt 0:00:07]} a6 {[%emt 0:00:36]} 7. Nbd2 {[%emt 0:00:23]} O-O {[%emt 0:00:08]} 8. Bh2 {[%emt 0:00:18]} d6 {[%emt 0:01:26]} 9. Bc4 {[%emt 0:00:09]} Nbd7 {[%emt 0:00:50]} 10. O-O {[%emt 0:00:09]} Qe8 {[%emt 0:00:03]} 11. b4 {[%emt 0:01:36]} e5 {[%emt 0:00:28]} 12. Ra3 {[%emt 0:00:15]} e4 {[%emt 0:01:13]} 13. Ne1 {[%emt 0:00:07]} b5 {[%emt 0:00:20]} 14. axb5 {[%emt 0:00:30]} Nb6 {[%emt 0:00:36]} 15. bxa6 {[%emt 0:00:59]} Nxc4 {[%emt 0:00:23]} 16. axb7 {[%emt 0:00:05]} Rxa3 {[%emt 0:00:09]} 17. Nxc4 {[%emt 0:00:06]} Ra7 {[%emt 0:00:22]} 18. Nxd6 {[%emt 0:02:30]} cxd6 {[%emt 0:09:42]} 19. Bxd6 {[%emt 0:00:13]} Rxb7 {[%emt 0:01:06]} 20. c4 {[%emt 0:07:48]} Qe6 {[%emt 0:19:25]} 21. Bxf8 {[%emt 0:00:14]} Bxf8 {[%emt 0:00:03]} 22. d5 {[%emt 0:00:24]} Qe5 {[%emt 0:00:46]} 23. b5 {[%emt 0:01:16]} Bd6 {[%emt 0:09:41]} 24. g3 {[%emt 0:02:02]} Nd7 {[%emt 0:06:42]} 25. Ng2 {[%emt 0:04:55]} Nb6 {[%emt 0:08:57]} 26. Qb3 {[%emt 0:11:37]} Ra7 {[%emt 0:02:33]} 27. Rc1 {[%emt 0:01:31]} Ba3 {[%emt 0:02:31]} 28. Rd1 {[%emt 0:03:43]} Bc5 {[%emt 0:01:25]} 29. Rc1 {[%emt 0:01:30]} g5 {[%emt 0:07:43]} 30. Qd1 {[%emt 0:01:29]} h6 {[%emt 0:08:33]} 31. Qh5 {[%emt 0:00:53]} Qf6 {[%emt 0:02:06]} 32. Qe2 {[%emt 0:01:41]} Ra4 {[%emt 0:04:00]} 33. Ne1 {[%emt 0:03:12]} Rb4 {[%emt 0:00:50]} 34. Qg4 {[%emt 0:02:04]} Rb2 {[%emt 0:07:27]} 35. Nc2 {[%emt 0:00:10]} Qc3 {[%emt 0:02:19]} 36. Qd1 {[%emt 0:00:29]} Qd3 {[%emt 0:03:06]} 37. Nd4 {[%emt 0:01:55]} Bxd4 {[%emt 0:01:01]} 38. exd4 {[%emt 0:00:49]} Nxc4 {[%emt 0:00:29]} 39. Qe1 {[%emt 0:03:57]} Qxd4 {[%emt 0:00:53]} 40. d6 {[%emt 0:00:20]} Nxd6 {[%emt 0:01:00]} 41. Rd1 {[%emt 0:30:14]} Qf6 {[%emt 0:30:51]} 42. Rb1 {[%emt 0:04:10]} Rxb5 {[%emt 0:00:00]} 43. Rxb5 {[%emt 0:00:00]} Nxb5 {[%emt 0:00:00]} 44. Qxe4 {[%emt 0:00:00]} Nd6 {[%emt 0:00:00]} 45. Qg4 {[%emt 0:00:00]} Kh7 {[%emt 0:00:00]} 46. Qd1 {[%emt 0:00:00]} Nf5 {[%emt 0:00:00]} 47. Qd3 {[%emt 0:00:00]} Qg6 {[%emt 0:00:00]} 48. Qd7 {[%emt 0:00:00]} h5 {[%emt 0:00:00]} 49. g4 {[%emt 0:00:00]} Nh4 {[%emt 0:00:00]} 50. Qe7 {[%emt 0:00:00]} hxg4 {[%emt 0:00:00]} 51. hxg4 {[%emt 0:00:00]} Qe6 {[%emt 0:00:00]} 52. Qb4 {[%emt 0:00:00]} Qc6 {[%emt 0:00:00]} 53. Kf1 {[%emt 0:00:00]} Qh1+ {[%emt 0:00:00]} 54. Ke2 {[%emt 0:00:00]} Qf3+ {[%emt 0:00:00]} 0-1

[Event "11th LCC FIDE Open 2019"]
[Site "London"]
[Date "2019.12.01"]
[Round "4.15"]
[White "Rocco, Federico"]
[Black "Gschnitzer, Adrian"]
[Result "0-1"]
[WhiteElo "2207"]
[BlackElo "2422"]
[Annotator "TA"]
[PlyCount "50"]
[EventDate "2019.11.29"]
[EventType "swiss"]
[EventCountry "ENG"]
[SourceTitle "playchess.com"]
[Source "ChessBase"]
[SourceQuality "1"]

{[%evp 13,50,14,41,37,34,26,27,22,27,22,34,14,18,4,15,11,85,32,35,28,51,-74,-74,-68,-73,-82,-8,-833,-846,-946,-925,-924,-896,-850,-842,-1001,-995,-29982,-29983]} 1. e4 c5 2. Nf3 e6 3. d4 cxd4 4. Nxd4 Nc6 5. Nc3 ({Predecessor:} 5. Be2 a6 6. O-O Qc7 7. Be3 Nf6 8. Nc3 h5 9. h3 Ne5 10. Bf4 Nf3+ 11. Bxf3 Qxf4 12. g3 Qe5 13. Bg2 Bc5 14. Nb3 {0-1 (38) Obrochta,B (2063)-Krawczyk,S (2103) Poland 2008}) 5... Qc7 6. g3 a6 7. Bg2 h5 8. h3 $146 {B47: Sicilian: Taimanov: 5 Nc3 Qc7 6 f4, 6 g3 and 6 Be2} (8. O-O h4 9. Re1 hxg3 10. hxg3 d6 11. Nxc6 bxc6 12. e5 d5 13. Na4 Ne7 14. c4 Nf5 15. cxd5 cxd5 {½-½ (69) Edouard,R (2642)-Movsesian,S (2645) Brest 2019}) 8... Nf6 9. O-O Bc5 10. Nb3 {White has an edge.} Ba7 11. Bf4 Ne5 12. Bxe5 Qxe5 13. Kh1 Ng4 14. Qe2 g5 (14... b5 $11) 15. Nd1 ({Better is} 15. Nd2 $16) 15... b5 $14 {[%cal Bb7b5,Bb5b4][%mdl 32]} 16. a4 b4 $1 17. hxg4 (17. c3 $1 $14 {stays ahead.}) 17... hxg4+ $17 18. Kg1 {Ne3 is the strong threat.} Qxg3 $1 {[%csl Gh8][%cal Rg3h2]} 19. Re1 {[#]} a5 $1 $40 {[%mdl 640] Black mounts an attack.} 20. Nc1 $2 {[%mdl 8192]} (20. Kf1 $11 Qh2 21. Nd2) (20. Nxa5 Rh2) 20... Rh2 $19 {[%csl Gh2][%cal Rg3g2]} 21. Ne3 Bxe3 22. fxe3 {[#]} Rxg2+ $1 {[%mdl 576] Deflection} 23. Qxg2 Qxe1+ 24. Kh2 {[#]} Bb7 $1 {( -> ...Ke7)} 25. Qxg4 O-O-O {Accuracy: White = 22%, Black = 69%.} 0-1

[Event "11th LCC FIDE Open 2019"]
[Site "London"]
[Date "2019.12.01"]
[Round "4.16"]
[White "Percivaldi, Martin"]
[Black "Hill, Alistair"]
[Result "1/2-1/2"]
[WhiteElo "2384"]
[BlackElo "2193"]
[Annotator "ChessBase"]
[PlyCount "105"]
[EventDate "2019.11.29"]
[EventType "swiss"]
[EventCountry "ENG"]
[SourceTitle "playchess.com"]
[Source "ChessBase"]
[SourceQuality "1"]
[TimeControl "40/5400+30:1800+30"]

1. Nf3 {[%emt 0:00:00]} Nf6 {[%emt 0:00:17]} 2. c4 {[%emt 0:00:00]} c5 {[%emt 0:00:08]} 3. Nc3 {[%emt 0:00:08]} g6 {[%emt 0:03:10]} 4. e4 {[%emt 0:01:35]} d6 {[%emt 0:00:16]} 5. d4 {[%emt 0:00:14]} cxd4 {[%emt 0:00:48]} 6. Nxd4 {[%emt 0:00:12]} Bg7 {[%emt 0:00:03]} 7. Be2 {[%emt 0:00:16]} O-O {[%emt 0:00:10]} 8. Be3 {[%emt 0:00:16]} Nc6 {[%emt 0:00:06]} 9. O-O {[%emt 0:00:17]} Bd7 {[%emt 0:00:20]} 10. Qd2 {[%emt 0:00:30]} Nxd4 {[%emt 0:01:32]} 11. Bxd4 {[%emt 0:00:41]} Bc6 {[%emt 0:00:05]} 12. f3 {[%emt 0:00:11]} Qa5 {[%emt 0:03:43]} 13. Rac1 {[%emt 0:06:50]} Rfc8 {[%emt 0:00:31]} 14. b3 {[%emt 0:02:46]} a6 {[%emt 0:00:23]} 15. Rc2 {[%emt 0:01:25]} Nd7 {[%emt 0:06:54]} 16. Be3 {[%emt 0:01:07]} h5 {[%emt 0:38:04]} 17. Rb1 {[%emt 0:04:42]} Qd8 {[%emt 0:00:18]} 18. b4 {[%emt 0:02:45]} b6 {[%emt 0:00:12]} 19. a3 {[%emt 0:03:18]} a5 {[%emt 0:06:13]} 20. Qc1 {[%emt 0:14:39]} axb4 {[%emt 0:00:38]} 21. axb4 {[%emt 0:00:15]} Bb7 {[%emt 0:02:55]} 22. Nd5 {[%emt 0:05:49]} e6 {[%emt 0:09:19]} 23. Nf4 {[%emt 0:05:55]} Qe7 {[%emt 0:02:11]} 24. Nd3 {[%emt 0:07:13]} d5 {[%emt 0:05:35]} 25. exd5 {[%emt 0:02:16]} exd5 {[%emt 0:00:02]} 26. c5 {[%emt 0:00:20]} bxc5 {[%emt 0:02:01]} 27. bxc5 {[%emt 0:05:55]} Bc6 {[%emt 0:00:39]} 28. Nb4 {[%emt 0:01:03]} Ne5 {[%emt 0:03:57]} 29. Qd2 {[%emt 0:06:10]} Nc4 {[%emt 0:04:52]} 30. Bxc4 {[%emt 0:01:26]} dxc4 {[%emt 0:00:02]} 31. Nxc6 {[%emt 0:00:22]} Rxc6 {[%emt 0:00:03]} 32. Rxc4 {[%emt 0:01:23]} Rd8 {[%emt 0:05:51]} 33. Re4 {[%emt 0:02:34]} Rxd2 {[%emt 0:01:44]} 34. Rxe7 {[%emt 0:00:06]} Bd4 {[%emt 0:00:07]} 35. Bxd4 {[%emt 0:05:31]} Rxd4 {[%emt 0:00:02]} 36. Rbb7 {[%emt 0:03:24]} Rf4 {[%emt 0:00:40]} 37. Rec7 {[%emt 0:04:06]} Rxc7 {[%emt 0:00:09]} 38. Rxc7 {[%emt 0:00:04]} Rc4 {[%emt 0:00:04]} 39. Kf2 {[%emt 0:01:19]} Rc2+ {[%emt 0:01:29]} 40. Kg3 {[%emt 0:00:12]} Kg7 {[%emt 0:00:08]} 41. h4 {[%emt 0:30:36]} Kf6 {[%emt 0:30:09]} 42. Rc8 {[%emt 0:00:20]} Ke7 {[%emt 0:01:29]} 43. Rc7+ {[%emt 0:00:23]} Ke6 {[%emt 0:02:02]} 44. c6 {[%emt 0:01:49]} Rc4 {[%emt 0:01:27]} 45. Kh3 {[%emt 0:01:27]} Rc3 {[%emt 0:01:11]} 46. Kh2 {[%emt 0:00:06]} Rc2 {[%emt 0:00:00]} 47. Kh3 {[%emt 0:00:00]} Rc3 {[%emt 0:00:00]} 48. Rc8 {[%emt 0:00:00]} Kd6 {[%emt 0:00:00]} 49. Rf8 {[%emt 0:00:00]} Ke7 {[%emt 0:00:00]} 50. Rc8 {[%emt 0:00:00]} Kd6 {[%emt 0:00:00]} 51. Rd8+ {[%emt 0:00:00]} Ke6 {[%emt 0:00:00]} 52. Rc8 {[%emt 0:00:00]} Kd6 53. Rd8+ {[%emt 0:00:00]} 1/2-1/2